000 00563cab a2200217 4500
001 X3385
008 090401t1996 xxu||||| |||| 00| 0 eng d
035 _a(Sirsi) u30122
041 _aeng
245 _aSurveyor takes RICS to the Privy Council
260 _c1996
350 _a0
490 _aProperty Week
_v16 May 1996, 10(1)
650 _aCHARLES COPE
650 _aCHARTERED SURVEYOR
650 _aPII CERTIFICATE
650 _aPRIVY COUNCIL
690 _aMANAGEMENT-BUSINESS MANAGEMENT-PROFESSIONAL PRACTICE
942 _n0
948 _c04/03/1997
999 _c20287
_d20287